[Event "DVM U10 2013"]
[Site "Magdeburg GER"]
[Date "2013.12.27"]
[Round "2"]
[White "Kazuch, Vincent"]
[Black "Sulayev, Daniel"]
[Result "1-0"]
[Termination "normal"]
[Board "13.1"]
[WhiteElo "1165"]
[BlackElo "1149"]
[WhiteTeam "SV Empor Erfurt 1"]
[BlackTeam "Schachpinguine Berlin 1"]
[WhiteFideId "12971480"]
[BlackFideId "12977675"]
[EventCountry "GER"]
[EventRounds "6"]
[EventType "team-swiss"]
[EventDate "2013.12.27"]

1. e4 e5 2. Nf3 Nc6 3. d4 exd4 4. Nxd4 Nf6 5. Nc3 Bb4 6. Nxc6 bxc6 7. Bd3 d5 8.
O-O O-O 9. Bg5 Be7 10. Re1 Be6 11. Qf3 Rb8 12. b3 Bb4 13. Bf1 dxe4 14. Rxe4 Be7
15. Rh4 Nd5 16. Nxd5 Bxd5 17. Bxe7 Qxe7 18. Qh5 h6 19. c4 Be6 20. Re1 Rfe8 21.
Re3 Rbd8 22. Rg3 f6 23. Qxh6 Kf8 24. Qg6 Qf7 25. Rh8+ Ke7 26. Rxe8+ Rxe8 27.
Qxg7 Qxg7 28. Rxg7+ Kd6 29. b4 Rb8 30. a3 c5 31. bxc5+ Kxc5 32. Rxc7+ Kb6 33.
Re7 Bg8 34. Rg7 Be6 35. Rg6 Rf8 36. g4 Kc5 37. g5 Bf5 1-0

[Event "DVM U10 2013"]
[Site "Magdeburg GER"]
[Date "2013.12.27"]
[Round "2"]
[White "Kostanyan, Hakob"]
[Black "Finke, Daniel"]
[Result "0-1"]
[Termination "normal"]
[Board "13.2"]
[WhiteElo "885"]
[BlackElo "1112"]
[WhiteTeam "Schachpinguine Berlin 1"]
[BlackTeam "SV Empor Erfurt 1"]
[WhiteFideId "12977683"]
[BlackFideId "16217675"]
[EventCountry "GER"]
[EventRounds "6"]
[EventType "team-swiss"]
[EventDate "2013.12.27"]

1. e4 e5 2. Nf3 Nc6 3. Bc4 Bc5 4. O-O d6 5. d3 Nf6 6. Nc3 Bg4 7. h3 Bh5 8. Nd5
Nxd5 9. exd5 Nd4 10. g4 Bg6 11. Nxd4 Bxd4 12. Bb5+ Kf8 13. c3 Bb6 14. a4 a6 15.
Bc4 Qh4 16. Qf3 Re8 17. g5 Bh5 18. Qg2 e4 19. d4 Bf3 20. Qh2 Re7 21. Be3 c5 22.
Rae1 Bc7 23. dxc5 Rd7 24. Bf4 h6 25. gxh6 gxh6 26. Bg3 Rg8 27. c6 bxc6 28. Bxa6
cxd5 29. Bc8 Bb6 30. Re3 Bxe3 31. fxe3 Rxg3+ 32. Kf2 Rxh3+ 33. Kg1 Rxh2 34.
Rxf3 Rh1+ 35. Kg2 Qh2# 0-1

[Event "DVM U10 2013"]
[Site "Magdeburg GER"]
[Date "2013.12.27"]
[Round "2"]
[White "Schneider, Konstantin"]
[Black "Schepers Aroyo, Adrian"]
[Result "1-0"]
[Termination "normal"]
[Board "13.3"]
[WhiteElo "1048"]
[BlackElo "1059"]
[WhiteTeam "SV Empor Erfurt 1"]
[BlackTeam "Schachpinguine Berlin 1"]
[BlackFideId "12977667"]
[EventCountry "GER"]
[EventRounds "6"]
[EventType "team-swiss"]
[EventDate "2013.12.27"]

1. e4 e5 2. Nf3 Nc6 3. d4 exd4 4. Nxd4 Nf6 5. Nc3 Bb4 6. Nxc6 bxc6 7. Bd3 d5 8.
exd5 Bxc3+ 9. bxc3 Qxd5 10. O-O O-O 11. Re1 Bb7 12. c4 Qd4 13. Bxh7+ Nxh7 14.
Qxd4 Rfe8 15. Bb2 Nf6 16. h3 Rxe1+ 17. Rxe1 1-0

[Event "DVM U10 2013"]
[Site "Magdeburg GER"]
[Date "2013.12.27"]
[Round "2"]
[White "Siegl, Justus"]
[Black "Fidlin, Simon"]
[Result "0-1"]
[Termination "normal"]
[Board "14.1"]
[WhiteElo "888"]
[BlackElo "1151"]
[WhiteTeam "SV Breitenworbis"]
[BlackTeam "Karlsruher SF 1853"]
[BlackFideId "16217535"]
[EventCountry "GER"]
[EventRounds "6"]
[EventType "team-swiss"]
[EventDate "2013.12.27"]

1. e4 e6 2. d4 d5 3. Nc3 c5 4. Nf3 Nc6 5. h3 cxd4 6. Nxd4 Bb4 7. Qd3 dxe4 8.
Qxe4 Nxd4 9. Be3 Nc6 10. Bd3 Nf6 11. Qf3 Ne5 12. Qg3 Nxd3+ 13. cxd3 Qxd3 14.
Rd1 Bxc3+ 15. bxc3 Qxc3+ 16. Bd2 Qxg3 17. fxg3 O-O 18. O-O b6 19. Bc3 Nd5 20.
Bb2 Ne3 21. Rd4 Nxf1 22. Kxf1 Ba6+ 23. Kg1 Rfd8 24. Rg4 Rd1+ 25. Kh2 g6 26. Ra4
Rad8 27. Bc3 Rf1 28. Ra3 Rdd1 29. g4 Bb5 30. Rxa7 Rh1+ 31. Kg3 Rd3+ 32. Kh4
Rxc3 33. Ra8+ Kg7 34. Rb8 Bf1 35. Rxb6 Bxg2 36. Rb3 Rhxh3+ 37. Kg5 f6+ 38. Kf4
Rc4# 0-1

[Event "DVM U10 2013"]
[Site "Magdeburg GER"]
[Date "2013.12.27"]
[Round "2"]
[White "Fidlin, Maximilian"]
[Black "Dittrich, Julius"]
[Result "1-0"]
[Termination "normal"]
[Board "14.2"]
[WhiteElo "918"]
[BlackElo "905"]
[WhiteTeam "Karlsruher SF 1853"]
[BlackTeam "SV Breitenworbis"]
[BlackFideId "12995398"]
[EventCountry "GER"]
[EventRounds "6"]
[EventType "team-swiss"]
[EventDate "2013.12.27"]

1. e4 e5 2. Nf3 Nc6 3. Bb5 a6 4. Ba4 b5 5. Bb3 a5 6. Bd5 Nf6 7. Nc3 Bd6 8. Nxb5
Ne7 9. Bxa8 Ba6 10. Nxd6+ cxd6 11. Bd5 Nfxd5 12. exd5 Nxd5 13. d3 O-O 14. O-O
e4 15. Ng5 h6 16. Nxe4 Qc7 17. c4 Nb4 18. Bf4 Qc6 19. Bxd6 Re8 20. c5 Bb7 21.
f3 f5 22. Ng3 Ba6 23. Nxf5 Bxd3 24. Qb3+ Kh7 25. Qf7 Bxf5 26. Qxe8 {nicht mehr
nachvollziehbar} 1-0

[Event "DVM U10 2013"]
[Site "Magdeburg GER"]
[Date "2013.12.27"]
[Round "2"]
[White "Conradi, Jonas"]
[Black "Kiefhaber, Julius"]
[Result "1-0"]
[Termination "normal"]
[Board "14.3"]
[WhiteElo "794"]
[BlackElo "797"]
[WhiteTeam "SV Breitenworbis"]
[BlackTeam "Karlsruher SF 1853"]
[BlackFideId "16245121"]
[EventCountry "GER"]
[EventRounds "6"]
[EventType "team-swiss"]
[EventDate "2013.12.27"]

1. Nf3 Nc6 2. d3 e5 3. g3 Bc5 4. Bg2 Nf6 5. O-O d6 6. Nc3 Bg4 7. Bg5 O-O 8. e4
Nd4 9. Na4 Qe7 10. Nxc5 dxc5 11. c3 Nc6 12. Qd2 Rad8 13. Rae1 c4 14. Re3 b5 15.
Qc2 b4 16. dxc4 bxc3 17. Rxc3 Nb4 18. Qb3 Nxe4 19. Bxe7 Nxc3 20. Bxf8 Ne2+ 21.
Kh1 Rxf8 22. Qxb4 Re8 23. Nxe5 f6 24. Nxg4 c6 25. Re1 Nxg3+ 26. hxg3 Rxe1+ 27.
Qxe1 h6 28. Qe8+ Kh7 29. Qf7 h5 30. Nxf6+ Kh8 31. Qg8# 1-0

[Event "DVM U10 2013"]
[Site "Magdeburg GER"]
[Date "2013.12.27"]
[Round "2"]
[White "Schulz, Hannah"]
[Black "Wehling, Elias"]
[Result "0-1"]
[Termination "normal"]
[Board "14.4"]
[WhiteElo "787"]
[BlackElo "734"]
[WhiteTeam "Karlsruher SF 1853"]
[BlackTeam "SV Breitenworbis"]
[WhiteFideId "16244745"]
[EventCountry "GER"]
[EventRounds "6"]
[EventType "team-swiss"]
[EventDate "2013.12.27"]

1. Nf3 Nc6 2. e4 e5 3. Nc3 Nf6 4. Bb5 d6 5. d3 h6 6. Be3 Bg4 7. O-O Be7 8. h3
Bh5 9. Qe2 a6 10. Bxc6+ bxc6 11. Rae1 O-O 12. g4 Bg6 13. h4 Nxg4 14. Bd2 Rb8
15. Ng5 Bxg5 16. Bxg5 hxg5 17. Qxg4 gxh4 18. Kh1 Rxb2 19. Rb1 Rxc2 20. Rfc1
Rxf2 21. Qg3 hxg3 22. Nd1 Rxa2 23. Rxc6 Qg5 24. Rxc7 Re2 25. Kg1 Qd2 26. Kf1
Qe1# 0-1

[Event "DVM U10 2013"]
[Site "Magdeburg GER"]
[Date "2013.12.27"]
[Round "2"]
[White "Späth, Christoph"]
[Black "Kronhardt, David"]
[Result "1-0"]
[Termination "normal"]
[Board "15.1"]
[WhiteElo "977"]
[BlackElo "944"]
[WhiteTeam "Schach-Kids Bernhausen 2"]
[BlackTeam "SK Langen"]
[EventCountry "GER"]
[EventRounds "6"]
[EventType "team-swiss"]
[EventDate "2013.12.27"]

1. e4 e5 2. Nf3 Nc6 3. Bc4 Bc5 4. O-O Nf6 5. d3 d6 6. Bg5 h6 7. Bh4 Bg4 8. h3
Bxf3 9. Qxf3 Nd4 10. Qd1 Qd7 11. Bxf6 gxf6 12. Nc3 Rg8 13. Qh5 Rg6 14. Nd5 Ne2+
15. Kh1 Bxf2 16. Qxe2 c6 17. Rxf2 cxd5 18. Bxd5 Ke7 19. d4 Rag8 20. dxe5 dxe5
21. Rg1 Qd8 22. Qc4 Qd7 23. Bxf7 Rxg2 24. Rgxg2 Qd1+ 25. Rf1 {Rest nicht
nachvollziehbar} 1-0

[Event "DVM U10 2013"]
[Site "Magdeburg GER"]
[Date "2013.12.27"]
[Round "2"]
[White "Koholka, Jan"]
[Black "Floeter, Nina"]
[Result "1-0"]
[Termination "normal"]
[Board "15.2"]
[WhiteElo "931"]
[BlackElo "747"]
[WhiteTeam "SK Langen"]
[BlackTeam "Schach-Kids Bernhausen 2"]
[WhiteFideId "34611584"]
[EventCountry "GER"]
[EventRounds "6"]
[EventType "team-swiss"]
[EventDate "2013.12.27"]

1. e4 e5 2. Nf3 Nc6 3. Bc4 Bc5 4. Nc3 Nf6 5. d3 O-O 6. Bg5 Be7 7. O-O Ng4 8.
Bxe7 Qxe7 9. h3 Nf6 10. Nh4 d5 11. exd5 Nxd5 12. Bxd5 Qxh4 13. Qf3 Nd4 14. Qe4
Qg5 15. Qe3 Qg6 16. Rac1 Bxh3 17. Qxh3 c6 18. Be4 Qh6 19. Qxh6 gxh6 20. g3 f5
21. Bg2 f4 22. gxf4 exf4 23. Kh2 f3 24. Bh3 Nf5 25. Bxf5 Rxf5 26. Rg1+ Kf7 27.
Rg3 Rh5+ 28. Kg1 Rg5 29. Rxg5 hxg5 30. Ne4 g4 31. Ng3 Rh8 32. Re1 h5 33. Re4 h4
34. Rf4+ Ke7 35. Nf5+ Kd7 36. Rxg4 h3 37. Kh2 Ke6 38. Ne3 c5 39. Rg3 Ke5 40.
Rxf3 Kd4 41. Rf7 b5 42. Rxa7 c4 43. dxc4 bxc4 44. Rg7 Rf8 45. Kg1 c3 46. b3 Ke4
47. Rg4+ Ke5 48. Rh4 Rg8+ 49. Rg4 Rh8 50. Kh2 Kf6 51. Rg3 Rh7 52. Rxh3 Rxh3+
53. Kxh3 1-0

[Event "DVM U10 2013"]
[Site "Magdeburg GER"]
[Date "2013.12.27"]
[Round "2"]
[White "Akbaba, Eren"]
[Black "Riegel, Simon"]
[Result "1-0"]
[Termination "normal"]
[Board "15.3"]
[WhiteElo "758"]
[BlackElo "975"]
[WhiteTeam "Schach-Kids Bernhausen 2"]
[BlackTeam "SK Langen"]
[BlackFideId "34628410"]
[EventCountry "GER"]
[EventRounds "6"]
[EventType "team-swiss"]
[EventDate "2013.12.27"]

1. e4 e5 2. Nf3 Nc6 3. Bc4 Nf6 4. h3 Nxe4 5. O-O Bc5 6. Nc3 O-O 7. Nxe4 d5 8.
Nxc5 dxc4 9. d3 b6 10. Ne4 Bf5 11. Ng3 Bg6 12. Bg5 f6 13. Bd2 cxd3 14. cxd3
Bxd3 15. Re1 Nd4 16. Nxd4 Qxd4 17. Qb3+ Bc4 18. Qc2 Rad8 19. Red1 Be2 20. Nxe2
Qd3 21. Qxc7 Qxe2 22. Qxa7 Rxd2 23. Rxd2 Qxd2 24. Rb1 b5 25. Qb7 Qd3 26. Rc1 h6
27. Qb6 Qd5 28. Rc5 Qxa2 29. Rxb5 Qb1+ 30. Kh2 Qg6 31. Qe6+ Qf7 32. Qf5 g6 33.
Qb1 Kh7 34. Qe4 Qa7 35. Rb7+ Rf7 36. Rxa7 Rxa7 37. h4 Re7 38. h5 Rg7 39. b4 1-0

[Event "DVM U10 2013"]
[Site "Magdeburg GER"]
[Date "2013.12.27"]
[Round "2"]
[White "Karl, Simon"]
[Black "Watzal, Simon"]
[Result "1-0"]
[Termination "normal"]
[Board "15.4"]
[WhiteElo "899"]
[BlackElo "600"]
[WhiteTeam "SK Langen"]
[BlackTeam "Schach-Kids Bernhausen 2"]
[WhiteFideId "16217985"]
[EventCountry "GER"]
[EventRounds "6"]
[EventType "team-swiss"]
[EventDate "2013.12.27"]

1. d4 d6 2. c4 c5 3. Nf3 Nc6 4. Nc3 cxd4 5. Nxd4 Nxd4 6. Qxd4 e5 7. Qd5 Be6 8.
Qxb7 Bxc4 9. Qc6+ Qd7 10. Qxa8+ Ke7 11. Qe4 d5 12. Qxe5+ Qe6 13. Qxe6+ fxe6 14.
Bg5+ Nf6 15. Bxf6+ gxf6 16. e3 Bxf1 17. Rxf1 e5 18. O-O-O d4 19. exd4 Bh6+ 20.
Kb1 Rd8 21. dxe5 Rxd1+ 22. Rxd1 Bf4 23. Nd5+ Ke6 24. Nxf4+ Kxe5 25. b4 1-0

[Event "DVM U10 2013"]
[Site "Magdeburg GER"]
[Date "2013.12.27"]
[Round "2"]
[White "Schuhknecht, Maja"]
[Black "Brunzendorf, Tanja"]
[Result "0-1"]
[Termination "normal"]
[Board "16.4"]
[WhiteElo "753"]
[BlackElo "600"]
[WhiteTeam "Meuselwitzer SV"]
[BlackTeam "Braunschweiger SF"]
[EventCountry "GER"]
[EventRounds "6"]
[EventType "team-swiss"]
[EventDate "2013.12.27"]

1. e4 e5 2. Nf3 Nc6 3. Nc3 Nf6 4. Bb5 a6 5. Ba4 Bb4 6. a3 Bxc3 7. Bxc6 Bxb2 8.
Bxb2 dxc6 9. Nxe5 Be6 10. d4 Nxe4 11. O-O O-O 12. f3 Nf6 13. Nxc6 bxc6 14. a4
Nd5 15. Ra3 Qg5 16. Bc1 Nf4 17. g3 Bc4 18. Re1 Nh3+ 19. Kg2 Qf5 20. Re5 Qd7 21.
Kh1 Nf2+ 22. Kg2 Nxd1 23. Bg5 h6 24. Re7 hxg5 25. Rxd7 Rac8 26. Ra1 Ne3+ 27.
Kf2 Nxc2 28. Rc1 Bd3 29. Kg2 Bf5 30. Re7 Nxd4 31. Ra1 Nc2 32. h4 g4 33. h5
gxf3+ 34. Kxf3 Rce8 35. Rxc7 Re3+ 36. Kf4 Be4 {Rest nicht nachvollziehbar} 0-1

[Event "DVM U10 2013"]
[Site "Magdeburg GER"]
[Date "2013.12.27"]
[Round "2"]
[White "Toval, David"]
[Black "Mirschel, Thaddeus"]
[Result "1-0"]
[Termination "normal"]
[Board "17.1"]
[WhiteElo "996"]
[BlackElo "774"]
[WhiteTeam "SK Münster 32"]
[BlackTeam "Schachzwerge Magdeburg 2"]
[WhiteFideId "12992755"]
[BlackFideId "16277570"]
[EventCountry "GER"]
[EventRounds "6"]
[EventType "team-swiss"]
[EventDate "2013.12.27"]

1. e4 e5 2. Nf3 Nc6 3. Bb5 Nf6 4. O-O Nxe4 5. Re1 d5 6. Nxe5 Bc5 7. d4 Qh4 8.
Qf3 f6 9. Nxc6 Bd6 10. g3 Qg4 11. Ne5+ c6 12. Nxg4 cxb5 13. Rxe4+ dxe4 14.
Qxe4+ Be7 15. d5 f5 16. Qe5 Bd7 17. d6 Kf8 18. Qxe7+ Kg8 19. Qxd7 fxg4 20. Qxb7
Re8 21. Be3 Rd8 22. d7 Kf7 23. Qd5+ Kg6 24. Bg5 Rxd7 25. Qxd7 h6 26. Bh4 Kh7
27. Qxg4 Re8 28. Nc3 Rd8 29. Bxd8 b4 30. Qxb4 g6 31. Bf6 h5 32. Qf8 g5 33. Qg7#
1-0

[Event "DVM U10 2013"]
[Site "Magdeburg GER"]
[Date "2013.12.27"]
[Round "2"]
[White "Heutling, Elina"]
[Black "Hungeling, David"]
[Result "0-1"]
[Termination "normal"]
[Board "17.2"]
[WhiteElo "850"]
[BlackElo "863"]
[WhiteTeam "Schachzwerge Magdeburg 2"]
[BlackTeam "SK Münster 32"]
[WhiteFideId "16244729"]
[BlackFideId "16222440"]
[EventCountry "GER"]
[EventRounds "6"]
[EventType "team-swiss"]
[EventDate "2013.12.27"]

1. e4 e5 2. Nf3 Nc6 3. Bc4 Bc5 4. d3 h6 5. Nc3 Nf6 6. Be3 Bxe3 7. fxe3 O-O 8.
Qe2 d6 9. O-O-O a6 10. Kb1 b5 11. Bd5 Bb7 12. d4 exd4 13. Nxd4 Nxd4 14. exd4
Bxd5 15. Nxd5 Nxd5 16. exd5 Re8 17. Qg4 b4 18. Rhe1 Rxe1 19. Rxe1 a5 20. Re3 a4
21. Rg3 g6 22. Qh3 h5 23. Rf3 Ra5 24. g4 Qe7 25. Qg3 hxg4 26. Rf4 Qe2 27. Rxg4
Qd1# 0-1

[Event "DVM U10 2013"]
[Site "Magdeburg GER"]
[Date "2013.12.27"]
[Round "2"]
[White "Heyne, Patrick"]
[Black "Grund, Sebastian"]
[Result "0-1"]
[Termination "normal"]
[Board "18.1"]
[WhiteElo "840"]
[BlackElo "1253"]
[WhiteTeam "SC 1994 Oberland 2"]
[BlackTeam "MTV 1876 Saalfeld"]
[BlackFideId "12988626"]
[EventCountry "GER"]
[EventRounds "6"]
[EventType "team-swiss"]
[EventDate "2013.12.27"]

1. e4 c5 2. Nf3 a6 3. Bc4 e6 4. d3 b5 5. Bg5 Be7 6. h4 bxc4 7. Qd2 Nf6 8. Ne5
cxd3 9. cxd3 Bb7 10. Qf4 Nc6 11. Nxc6 Bxc6 12. Rh3 h6 13. Rg3 hxg5 14. hxg5
Rh1+ 15. Ke2 Nh5 16. Qe5 Nxg3+ 17. fxg3 Qa5 18. Nc3 Rxa1 19. Qxg7 O-O-O 20. Qe5
d6 21. Qg7 Bd7 22. Qxf7 Bxg5 23. Qh5 c4 24. dxc4 Re1+ 25. Kxe1 Bd2+ 26. Kxd2
Qxh5 27. e5 dxe5 28. c5 Ba4+ 29. Ke1 Qh1+ 30. Kf2 Rd2+ 31. Ke3 Qe1+ 32. Ne2
Qxe2# 0-1

[Event "DVM U10 2013"]
[Site "Magdeburg GER"]
[Date "2013.12.27"]
[Round "2"]
[White "Gräf, Patrick"]
[Black "Valenta, Hannes"]
[Result "1-0"]
[Termination "normal"]
[Board "18.2"]
[WhiteElo "818"]
[BlackElo "833"]
[WhiteTeam "MTV 1876 Saalfeld"]
[BlackTeam "SC 1994 Oberland 2"]
[EventCountry "GER"]
[EventRounds "6"]
[EventType "team-swiss"]
[EventDate "2013.12.27"]

1. e4 e5 2. Nf3 Nc6 3. Nc3 Nf6 4. Bb5 a6 5. Bxc6 bxc6 6. Nxe5 d5 7. exd5 cxd5
8. Qe2 Be7 9. O-O O-O 10. Nc6 Qd6 11. Nxe7+ Kh8 12. Nf5 Bxf5 13. d3 Ng4 14. g3
d4 15. Bf4 Qg6 16. Nd5 Qh5 17. h4 Be6 18. Ne7 Nf6 19. Qxh5 Nxh5 1-0

[Event "DVM U10 2013"]
[Site "Magdeburg GER"]
[Date "2013.12.27"]
[Round "2"]
[White "Seibt, Bruno"]
[Black "Kramer, Maximilian"]
[Result "1-0"]
[Termination "normal"]
[Board "18.3"]
[WhiteElo "767"]
[BlackElo "794"]
[WhiteTeam "SC 1994 Oberland 2"]
[BlackTeam "MTV 1876 Saalfeld"]
[WhiteFideId "16219988"]
[EventCountry "GER"]
[EventRounds "6"]
[EventType "team-swiss"]
[EventDate "2013.12.27"]

1. e4 e5 2. Nf3 Nc6 3. Bc4 Bc5 4. c3 Nf6 5. d4 exd4 6. cxd4 Bb4+ 7. Nc3 Nxe4 8.
Qe2 Bxc3+ 9. bxc3 Qe7 10. d5 Nd8 11. O-O c6 12. Re1 cxd5 13. Bxd5 O-O 14. Qxe4
Qxe4 15. Rxe4 h6 16. Ba3 d6 17. Bxd6 Bf5 18. Ree1 Ne6 19. Bxf8 Rxf8 20. Bxb7
Nc5 21. Re5 Nxb7 22. Rxf5 Nd6 23. Rd5 Ne4 24. Ra5 Nxc3 25. Rxa7 Ne2+ 26. Kf1
Nf4 27. a4 f6 28. a5 Rb8 29. a6 Kf8 30. Rc7 Ra8 31. a7 Ne6 32. Rb7 Nc5 33. Rb8+
Rxb8 34. axb8=Q+ Ke7 35. Qc7+ Ke6 36. Qxc5 Kf7 37. Qf5 g6 38. Qd7+ Kf8 39. Ra8#
1-0

[Event "DVM U10 2013"]
[Site "Magdeburg GER"]
[Date "2013.12.27"]
[Round "2"]
[White "Kubelt, Lycian"]
[Black "Lehns, Adrian"]
[Result "0-1"]
[Termination "normal"]
[Board "18.4"]
[WhiteElo "762"]
[BlackElo "758"]
[WhiteTeam "MTV 1876 Saalfeld"]
[BlackTeam "SC 1994 Oberland 2"]
[EventCountry "GER"]
[EventRounds "6"]
[EventType "team-swiss"]
[EventDate "2013.12.27"]

1. e4 e5 2. Nf3 Nc6 3. Nc3 d6 4. Bc4 Be7 5. d3 Nf6 6. Bg5 Na5 7. Bxf6 Bxf6 8.
Bb5+ c6 9. Bc4 Nxc4 10. dxc4 Be6 11. O-O O-O 12. h3 Bg5 13. Nxg5 Qxg5 14. Qxd6
Bxh3 15. g3 Qg4 16. Kh2 Qh5 17. Rfe1 Bg4+ 18. Kg1 Bf3 19. Re2 Qh1# 0-1

[Event "DVM U10 2013"]
[Site "Magdeburg GER"]
[Date "2013.12.27"]
[Round "2"]
[White "Rose, Noah"]
[Black "Tünte, Henning"]
[Result "1-0"]
[Termination "normal"]
[Board "19.1"]
[WhiteElo "845"]
[BlackElo "790"]
[WhiteTeam "BSG Grün-Weiß Leipzig 2"]
[BlackTeam "SG Turm Raesfeld/Erle 2"]
[WhiteFideId "12990191"]
[EventCountry "GER"]
[EventRounds "6"]
[EventType "team-swiss"]
[EventDate "2013.12.27"]

1. e4 e5 2. Nf3 Nf6 3. Nc3 Nc6 4. Bc4 Bc5 5. d3 h6 6. Be3 Bxe3 7. fxe3 d6 8. h3
Be6 9. Bb3 Bxb3 10. axb3 d5 11. exd5 Nxd5 12. Nxd5 Qxd5 13. e4 Qb5 14. O-O Qc5+
15. Kh1 O-O-O 16. Qd2 Nd4 17. Nxd4 Qxd4 18. Qc1 f6 19. Ra4 Qd7 20. Rxa7 h5 21.
Ra8# 1-0

[Event "DVM U10 2013"]
[Site "Magdeburg GER"]
[Date "2013.12.27"]
[Round "2"]
[White "Langenhorst, Janis"]
[Black "Gäbler, Jakob"]
[Result "1-0"]
[Termination "normal"]
[Board "19.2"]
[WhiteElo "600"]
[BlackElo "948"]
[WhiteTeam "SG Turm Raesfeld/Erle 2"]
[BlackTeam "BSG Grün-Weiß Leipzig 2"]
[BlackFideId "16214536"]
[EventCountry "GER"]
[EventRounds "6"]
[EventType "team-swiss"]
[EventDate "2013.12.27"]

1. e4 e5 2. Nf3 Nc6 3. Bc4 Bc5 4. O-O d6 5. h3 Nf6 6. Nc3 Be6 7. Bb3 Qd7 8.
Bxe6 Qxe6 9. Nb5 O-O-O 10. Ng5 Qe7 11. d3 h6 12. Nf3 g5 13. Bd2 g4 14. hxg4
Nxg4 15. a3 Rdg8 16. b4 Bb6 17. a4 Qf6 18. a5 Bd4 19. Nfxd4 exd4 20. a6 b6 21.
f3 Nge5 22. f4 Qg6 23. Rf2 Ng4 24. Re2 Qf6 25. f5 Nge5 26. c3 Rg4 27. cxd4 Nxd3
28. Re3 Nf4 29. Qxg4 Nxg2 30. Qxg2 Rh7 31. Qg8+ Kd7 32. Qxh7 Qg5+ 33. Kf1 Qf4+
34. Ke1 Qh4+ 35. Kd1 Qh1+ 36. Re1 Qf3+ 37. Kc1 Qd3 38. Qxf7+ Kd8 39. Qxc7+ Ke8
40. Nxd6+ Kf8 41. Qf7# 1-0

[Event "DVM U10 2013"]
[Site "Magdeburg GER"]
[Date "2013.12.27"]
[Round "2"]
[White "Junghans, Richard"]
[Black "Wenning, Thilo"]
[Result "1-0"]
[Termination "normal"]
[Board "19.3"]
[WhiteElo "789"]
[BlackElo "600"]
[WhiteTeam "BSG Grün-Weiß Leipzig 2"]
[BlackTeam "SG Turm Raesfeld/Erle 2"]
[WhiteFideId "16214544"]
[EventCountry "GER"]
[EventRounds "6"]
[EventType "team-swiss"]
[EventDate "2013.12.27"]

1. e4 e5 2. Nf3 Nc6 3. Bc4 Bc5 4. Nc3 Nh6 5. d3 Ng4 6. O-O Nb4 7. h3 d6 8. hxg4
Bxg4 9. a3 Nc6 10. Qe2 Nd4 11. Qd1 O-O 12. Bg5 Bxf3 13. Qd2 Qd7 14. Kh2 Qg4 15.
Rg1 Ne2 16. gxf3 Qxg1+ 17. Rxg1 h6 18. Nxe2 hxg5 19. Qxg5 g6 20. Qxg6+ Kh8 21.
Qg7# 1-0

[Event "DVM U10 2013"]
[Site "Magdeburg GER"]
[Date "2013.12.27"]
[Round "2"]
[White "Schulte gen. Geldermann, Annabel"]
[Black "Schneider, Luca"]
[Result "0-1"]
[Termination "normal"]
[Board "19.4"]
[WhiteElo "600"]
[BlackElo "600"]
[WhiteTeam "SG Turm Raesfeld/Erle 2"]
[BlackTeam "BSG Grün-Weiß Leipzig 2"]
[EventCountry "GER"]
[EventRounds "6"]
[EventType "team-swiss"]
[EventDate "2013.12.27"]

1. e4 e5 2. Nf3 Nc6 3. Bc4 Bc5 4. c3 Nf6 5. d4 exd4 6. cxd4 Bb4+ 7. Bd2 Bd6 8.
e5 Bxe5 9. dxe5 Ne4 10. O-O O-O 11. Qe2 Nc5 12. Bb4 Nxb4 13. Nc3 d5 14. Nxd5
Nxd5 15. Rad1 Be6 16. b4 Qe7 17. bxc5 Nc3 18. Qe3 Nxd1 19. Rxd1 Bxc4 20. Rd4
Qxc5 21. Qf4 Bd5 22. e6 fxe6 23. Qe3 Rae8 24. Qd3 Bc4 25. Qe4 Rd8 26. a4 Rxd4
27. Nxd4 Rd8 28. Nxe6 Rd1+ 29. Qe1 Rxe1# 0-1

[Event "DVM U10 2013"]
[Site "Magdeburg GER"]
[Date "2013.12.27"]
[Round "2"]
[White "Voß, Torben"]
[Black "Rößler, Karl-Georg"]
[Result "0-1"]
[Termination "normal"]
[Board "20.1"]
[WhiteElo "885"]
[BlackElo "1063"]
[WhiteTeam "Schachzwerge Magdeburg 3"]
[BlackTeam "SC 1994 Oberland 1"]
[BlackFideId "12984469"]
[EventCountry "GER"]
[EventRounds "6"]
[EventType "team-swiss"]
[EventDate "2013.12.27"]

1. e4 e5 2. Nf3 Nc6 3. Bc4 Nf6 4. Ng5 d5 5. exd5 Na5 6. Bb5+ c6 7. dxc6 bxc6 8.
Qf3 Bb7 9. Bd3 h6 10. Ne4 c5 11. a3 c4 12. Be2 Bxe4 13. Qc3 Bd6 14. b4 Nc6 15.
b5 Na5 16. d3 cxd3 17. cxd3 Bg6 18. Bd2 Nb7 19. Bf3 Rc8 20. Qb3 e4 21. dxe4 O-O
22. e5 Bxe5 23. Bc3 Bxc3+ 24. Nxc3 Re8+ 25. Ne2 Nc5 26. Qb4 Nd3+ 27. Kf1 Nxb4
28. axb4 Re7 29. Nf4 Rec7 30. Ke2 Bd3+ 31. Nxd3 Rc2+ 32. Ke3 Nd5+ 33. Bxd5 Qxd5
34. Rhd1 Re8+ 35. Kf4 Qg5+ 36. Kf3 Re6 37. Rxa7 Rf6+ 38. Ke4 Re2+ 39. Kd4 Rd6+
40. Kc3 Qf6+ 41. Kc4 Qd4+ 42. Kb3 Qxa7 43. Rc1 Rxd3+ 44. Kc4 Qd4# 0-1

[Event "DVM U10 2013"]
[Site "Magdeburg GER"]
[Date "2013.12.27"]
[Round "2"]
[White "Lieding, Alexander"]
[Black "Currenti, Alessandro"]
[Result "0-1"]
[Termination "normal"]
[Board "20.2"]
[WhiteElo "893"]
[BlackElo "720"]
[WhiteTeam "SC 1994 Oberland 1"]
[BlackTeam "Schachzwerge Magdeburg 3"]
[BlackFideId "12998907"]
[EventCountry "GER"]
[EventRounds "6"]
[EventType "team-swiss"]
[EventDate "2013.12.27"]

1. e4 e5 2. Nf3 Nc6 3. Bc4 Nf6 4. d3 Bc5 5. Ng5 O-O 6. O-O d6 7. Qf3 Nd4 8. Qg3
Nxc2 9. Qh4 h6 10. Nf3 Nxa1 11. Na3 Bxa3 12. Qg3 Nh5 13. Qh4 Qxh4 14. Nxh4 Bg4
15. bxa3 Be2 16. Re1 Nf4 17. Ng6 Rfe8 18. Nxf4 exf4 19. Rxe2 d5 20. Bxd5 c6 21.
Bc4 b5 22. Bb3 a5 23. Bd1 b4 24. Bxf4 bxa3 25. Ba4 Reb8 26. h3 Rb1+ 27. Kh2 h5
28. Bxc6 Rc8 29. Bd7 Rcc1 30. d4 h4 31. e5 Rh1# 0-1

[Event "DVM U10 2013"]
[Site "Magdeburg GER"]
[Date "2013.12.27"]
[Round "2"]
[White "Rößler, Philipp"]
[Black "Telesh, Volodymyr"]
[Result "1/2-1/2"]
[Termination "normal"]
[Board "20.4"]
[WhiteElo "696"]
[BlackElo "768"]
[WhiteTeam "SC 1994 Oberland 1"]
[BlackTeam "Schachzwerge Magdeburg 3"]
[WhiteFideId "16209885"]
[EventCountry "GER"]
[EventRounds "6"]
[EventType "team-swiss"]
[EventDate "2013.12.27"]

1. e4 e5 2. Nf3 Nc6 3. Bc4 Bc5 4. c3 Nf6 5. d4 exd4 6. cxd4 Bb4+ 7. Nc3 d6 8.
O-O Bg4 9. h3 Be6 10. d5 Bd7 11. dxc6 Bxc6 12. Bg5 Qd7 13. Qe1 O-O-O 14. e5 --
15. exf6 gxf6 16. Bxf6 Rde8 17. Qd2 Kb8 18. Bxh8 Rxh8 19. Qd4 Re8 20. Rfe1 Rd8
21. Re2 Bc5 22. Qf6 Rf8 23. Rae1 h6 24. Re7 Qd8 25. Rxf7 Qxf6 26. Rxf6 Rxf6 27.
Re7 d5 28. Nxd5 Bxe7 29. Nxe7 Bd7 30. Nd5 Rc6 31. Ne5 Rd6 32. Nxd7+ Rxd7 33.
Nf6 Rd4 34. b3 Rd2 35. h4 Rd6 36. Nh7 1/2-1/2